Classifica Marcatori Serie A 2015-2016 - Statistics

Statistiche generali
  • Questo quiz è stato fatto 191 volte
  • Il punteggio medio è 14 su 19
Statistiche sulle risposte
Gol Nazione Squadra Calciatore % Corretto
36 Argentina Napoli Gonzalo Higuain
100%
16 Argentina Inter Mauro Icardi
98%
14 Egitto Roma Mohamed Salah
98%
19 Argentina Juventus Paulo Dybala
98%
18 Colombia Milan Carlos Bacca
94%
10 Croazia Juventus Mario Mandžukić
90%
12 Italia Torino Andrea Belotti
88%
12 Italia Napoli Lorenzo Insigne
88%
13 Slovenia Fiorentina Josip Iličić
79%
10 Bosnia Roma Miralem Pjanić
77%
12 Croazia Fiorentina Nikola Kalinić
72%
11 Francia Udinese Cyril Théréau
65%
13 Italia Sampdoria/Inter Eder
64%
13 Italia Empoli Massimo Maccarone
63%
9 Italia Frosinone Daniel Ciofani
53%
10 Italia Palermo Alberto Gilardino
39%
10 Italia Lazio Antonio Candreva
37%
9 Italia Frosinone Federico Dionisi
37%
14 Italia Genoa Leonardo Pavoletti
36%
Nessun quiz corrispondente trovato
Distribuzione punteggi
Percentuale di utenti per punteggio
Percentile per numero di risposta
I tuoi punteggi nel tempo
Non hai fatto questo quiz